000 00289nam a22001337a 4500
008 170613b xxu||||| |||| 00| 0 eng d
020 _a2900813190685
041 _aeng
080 _a32
100 _a19
101 _aSHP
245 _aKING OF THE MOUNTAIN
_cLUDWIG,A.M
942 _2udc
_cBK
999 _c17156
_d17156